Unrelated business income tax : hearings before the Subcommittee on Oversight of the Committee on Ways and Means, House of Representatives, One Hundredth Congress, first session, June 22, 25, 26, 29, and 30, 1987.

Bibliographic Details
Corporate Authors: United States. Congress. House. Committee on Ways and Means. Subcommittee on Oversight, ProQuest (Firm)
Format: Government Document eBook
Language:English
Published: Washington : U.S. G.P.O., 1988.
Series:U.S. Congressional Hearings.
Subjects:
Online Access:Connect to the full text of this electronic book
Connect to the full text of this electronic book
Connect to the full text of this electronic book

MARC

Tag First Indicator Second Indicator Subfields
LEADER 00000cam a22000001a 4500
001 in00003218656
006 m d f
007 cr bn mmmapmmp
008 091020s1988 dcua ob f000 0 eng d
005 20260511193348.1
035 |a cis2007453821 
040 |a UMI  |c UMI  |d UtOrBLW 
043 |a n-us--- 
074 |a 1028-A, 1028-B (microfiche) 
086 0 |a Y 4.W 36:100-26 
086 0 |a Y 4.W 36:100-27 
086 0 |a Y 4.W 36:100-28 
088 |a Serial 100-26 (United States. Congress. House. Committee on Ways and Means) 
088 |a Serial 100-27 (United States. Congress. House. Committee on Ways and Means) 
088 |a Serial 100-28 (United States. Congress. House. Committee on Ways and Means) 
099 |a HRG-1987-WAM-0014 
099 |a HRG-1987-WAM-0015 
099 |a HRG-1987-WAM-0016 
110 1 |a United States.  |b Congress.  |b House.  |b Committee on Ways and Means.  |b Subcommittee on Oversight. 
245 1 0 |a Unrelated business income tax :  |b hearings before the Subcommittee on Oversight of the Committee on Ways and Means, House of Representatives, One Hundredth Congress, first session, June 22, 25, 26, 29, and 30, 1987. 
264 1 |a Washington :  |b U.S. G.P.O.,  |c 1988. 
300 |a 1 online resource. 
336 |a text  |b txt  |2 rdacontent 
337 |a computer  |b c  |2 rdamedia 
338 |a online resource  |b cr  |2 rdacarrier 
500 |a Record is based on bibliographic data in ProQuest Congressional Hearings Digital Collection. Reuse except for individual research requires license from ProQuest, LLC. 
504 |a Includes bibliographical references. 
538 |a System requirements: PDF reader software. 
500 |a Electronic resource. 
650 0 |a Nonprofit organizations  |x Taxation  |z United States. 
655 7 |a Electronic books.  |2 local 
710 2 |a ProQuest (Firm) 
776 0 8 |i Print version:  |a United States. Congress. House. Committee on Ways and Means. Subcommittee on Oversight.  |t Unrelated business income tax  |w (OCoLC)17652952  |w gp 88010239 
776 0 8 |i Microfiche version:  |a United States. Congress. House. Committee on Ways and Means. Subcommittee on Oversight.  |t Unrelated business income tax.  |d [Bethesda, Md.] : ProQuest,[2004]  |o CIS 88 H781-13 (pt. 1)  |o CIS 88 H781-14 (pt. 2)  |o CIS 88 H781-15 (pt. 3)  |w (ProQuest)cis08801511 
830 0 |a U.S. Congressional Hearings. 
856 4 0 |u http://proxy.library.tamu.edu/login?url=https://congressional.proquest.com/congcomp/getdoc?HEARING-ID=HRG-1987-WAM-0014  |z Connect to the full text of this electronic book  |t 0 
856 4 0 |u http://proxy.library.tamu.edu/login?url=https://congressional.proquest.com/congcomp/getdoc?HEARING-ID=HRG-1987-WAM-0015  |z Connect to the full text of this electronic book  |t 0 
856 4 0 |u http://proxy.library.tamu.edu/login?url=https://congressional.proquest.com/congcomp/getdoc?HEARING-ID=HRG-1987-WAM-0016  |z Connect to the full text of this electronic book  |t 0 
998 |a cis08801511 
999 |a MARS 
999 f f |s a581e310-f83e-307b-a1f2-7f4934aa2e6d  |i 755f58bd-5e89-31f2-b2c9-7cc40604377f  |t 0 
952 f f |a Texas A&M University  |b College Station  |c Electronic Resources  |s www_evans  |d Available Online  |t 0  |e HRG-1987-WAM-0016  |h Other scheme 
998 f f |a HRG-1987-WAM-0016  |t 0  |l Available Online